[Event "Thessaloniki Open 2009"]
[Site "Thessaloniki GRE"]
[Date "2009.05.01"]
[Round "6.11"]
[White "Okun, Leonid"]
[Black "Aharon, Ofir"]
[Result "1-0"]
[WhiteElo "2272"]
[BlackElo "2134"]
[PlyCount "105"]
[EventDate "2009.04.27"]
[EventType "swiss"]
[EventRounds "9"]
[EventCountry "GRE"]
[Source "lmi"]
[SourceDate "2009.04.27"]

1. g3 g6 2. f4 d5 3. Nf3 Bg7 4. Bg2 Nf6 5. d3 c5 6. O-O Nc6 7. Qe1 O-O 8. e4
Rb8 9. e5 Ne8 10. Nc3 b5 11. Qf2 d4 12. Ne4 Qb6 13. a4 a6 14. a5 Qa7 15. Nfd2
Bb7 16. Nb3 c4 17. dxc4 bxc4 18. Nbd2 f6 19. exf6 Nxf6 20. Nxf6+ Bxf6 21. Nxc4
Qc5 22. b3 Nb4 23. Bxb7 Rxb7 24. Ba3 Qf5 25. Bxb4 Rxb4 26. Rad1 h5 27. Qe2 Kg7
28. Kg2 Rb5 29. Rd3 Rc8 30. Re1 h4 31. Qf3 hxg3 32. hxg3 Rh8 33. g4 Qc8 34. Rh1
Rxh1 35. Kxh1 g5 36. f5 Qb7 37. Kg2 Qxf3+ 38. Rxf3 Be5 39. Rh3 Bf6 40. Kf1 Kf7
41. Ke2 Ke8 42. Kd3 Kd7 43. Rh1 Kc7 44. Re1 Rc5 45. Re6 Rc6 46. Rxc6+ Kxc6 47.
Nd2 Kd5 48. b4 Be5 49. Ne4 Bc7 50. Nxg5 Ke5 51. Ne6 Bd6 52. Nxd4 Kf4 53. b5 1-0

[Event "Thessaloniki Open 2009"]
[Site "Thessaloniki GRE"]
[Date "2009.05.01"]
[Round "6.12"]
[White "Galopoulos, Nikolaos"]
[Black "Ivanov, Borislav"]
[Result "1/2-1/2"]
[WhiteElo "2247"]
[BlackElo "2002"]
[PlyCount "205"]
[EventDate "2009.04.27"]
[EventType "swiss"]
[EventRounds "9"]
[EventCountry "GRE"]
[Source "lmi"]
[SourceDate "2009.04.27"]

1. e4 c6 2. d4 d5 3. Nd2 dxe4 4. Nxe4 Bf5 5. Ng3 Bg6 6. Nh3 e6 7. Nf4 Nf6 8.
Nxg6 hxg6 9. c3 Bd6 10. Qf3 Nbd7 11. Bf4 Qc7 12. Bxd6 Qxd6 13. Bc4 Nb6 14. Bb3
Nbd5 15. O-O Qf4 16. Qxf4 Nxf4 17. Rfe1 N4d5 18. Nf1 O-O-O 19. Nd2 Rh5 20. Bd1
Rh6 21. Nf3 Rdh8 22. h3 Nb6 23. Ng5 Rf8 24. a4 Nbd7 25. a5 a6 26. Bf3 Nh7 27.
Ne4 Nhf6 28. Ng5 Nh7 29. Nxh7 Rxh7 30. c4 Nf6 31. Rac1 Rd8 32. Red1 Kb8 33. Rc3
Rhh8 34. Kf1 Rd7 35. Rcd3 Rhd8 36. Ke2 g5 37. b3 Kc7 38. Ke3 Rd6 39. g3 R6d7
40. Bg2 Rd6 41. Ke2 R6d7 42. R1d2 Rd6 43. b4 R6d7 44. Ke3 Ne8 45. Rc3 Nf6 46.
Rcc2 Kb8 47. Rb2 Ka7 48. Rb3 Kb8 49. Rdb2 Ka7 50. b5 cxb5 51. cxb5 axb5 52.
Rxb5 Nd5+ 53. Bxd5 exd5 54. Rc5 Re8+ 55. Kd3 Re1 56. Rbb5 Rd1+ 57. Kc3 Rc1+ 58.
Kd2 Rxc5 59. Rxc5 Ka6 60. Ke3 Rd6 61. Rc7 Re6+ 62. Kf3 Rf6+ 63. Kg2 b6 64. axb6
Kxb6 65. Rc5 Rd6 66. g4 Kb7 67. Kg3 Kb6 68. f4 gxf4+ 69. Kxf4 Rf6+ 70. Kg3 Rd6
71. h4 Kb7 72. h5 g5 73. Rc3 Rh6 74. Rf3 f6 75. Rc3 Rh7 76. Rc5 Rd7 77. Kf3 Rd8
78. Rc2 Rh8 79. Re2 Kc7 80. Re6 Rh6 81. Ke3 Kd7 82. Ra6 Ke7 83. Kd3 Rh8 84.
Ra7+ Ke6 85. Ra6+ Ke7 86. Ra5 Ke6 87. Kc3 f5 88. Ra6+ Ke7 89. gxf5 Rxh5 90. Rg6
g4 91. Rxg4 Rxf5 92. Kb4 Kd6 93. Rg6+ Kd7 94. Kc5 Rh5 95. Rd6+ Kc7 96. Rxd5
Rxd5+ 97. Kxd5 Kd7 98. Ke5 Ke7 99. d5 Kd7 100. d6 Kd8 101. Ke6 Ke8 102. d7+ Kd8
103. Kd6 1/2-1/2

[Event "Thessaloniki Open 2009"]
[Site "Thessaloniki GRE"]
[Date "2009.05.01"]
[Round "7.2"]
[White "Poley, Vladimir"]
[Black "Bagaturov, Giorgi"]
[Result "0-1"]
[WhiteElo "2338"]
[BlackElo "2467"]
[PlyCount "68"]
[EventDate "2009.04.27"]
[EventType "swiss"]
[EventRounds "9"]
[EventCountry "GRE"]
[Source "lmi"]
[SourceDate "2009.04.27"]

1. d4 Nf6 2. Nf3 g6 3. b4 Bg7 4. Bb2 O-O 5. e3 d6 6. Nbd2 c5 7. bxc5 dxc5 8. c3
b6 9. Bd3 Bb7 10. O-O Nc6 11. Qe2 Nd5 12. g3 cxd4 13. cxd4 Ndb4 14. Bb5 a6 15.
Ba4 b5 16. Bd1 e5 17. Nb3 exd4 18. Nc5 Bc8 19. a3 Nd5 20. Nxd4 Nxd4 21. exd4
Nb6 22. Bb3 Bh3 23. Rfd1 h5 24. Qe4 Nc4 25. Bc3 Re8 26. Qd3 Qd5 27. f3 Bf5 28.
Qf1 Re3 29. Rac1 Rxf3 30. Qg2 Bh6 31. Re1 Bxc1 32. Rxc1 Bh3 33. Qh1 Qf5 34.
Bxc4 bxc4 0-1

[Event "Thessaloniki Open 2009"]
[Site "Thessaloniki GRE"]
[Date "2009.05.01"]
[Round "7.3"]
[White "Pavlidis, Antonios"]
[Black "Sidorenko, Ilya"]
[Result "0-1"]
[WhiteElo "2307"]
[BlackElo "2357"]
[PlyCount "84"]
[EventDate "2009.04.27"]
[EventType "swiss"]
[EventRounds "9"]
[EventCountry "GRE"]
[Source "lmi"]
[SourceDate "2009.04.27"]

1. e4 c5 2. Nf3 d6 3. d4 cxd4 4. Nxd4 Nf6 5. Nc3 Nc6 6. Bg5 e6 7. Qd2 a6 8.
O-O-O Bd7 9. f4 Be7 10. Nf3 b5 11. Bxf6 gxf6 12. f5 Qb6 13. Ne2 Qa5 14. Qxa5
Nxa5 15. Nf4 Rc8 16. fxe6 fxe6 17. Be2 Bf8 18. Kb1 Bh6 19. Nh5 Ke7 20. Nxf6
Kxf6 21. e5+ Kf7 22. exd6 Nc6 23. Rhf1 Kg7 24. c4 Rb8 25. c5 Rhf8 26. Bd3 Be3
27. Be4 b4 28. Rd3 Bxc5 29. Rc1 Rb5 30. Ng5 Ne5 31. Rg3 Kh6 32. Nxh7 Rf4 33.
Rh3+ Kg7 34. Ng5 Rg4 35. Rh7+ Kg8 36. h4 Be3 37. Rxd7 Nxd7 38. Bh7+ Kg7 39. Rc7
Bxg5 40. Rxd7+ Kf6 41. hxg5+ Rbxg5 42. Rb7 Rd5 0-1

[Event "Thessaloniki Open 2009"]
[Site "Thessaloniki GRE"]
[Date "2009.05.01"]
[Round "7.4"]
[White "Georgiev, Vladimir"]
[Black "Danilov, Vladimir"]
[Result "1-0"]
[WhiteElo "2539"]
[BlackElo "2410"]
[PlyCount "99"]
[EventDate "2009.04.27"]
[EventType "swiss"]
[EventRounds "9"]
[EventCountry "GRE"]
[Source "lmi"]
[SourceDate "2009.04.27"]

1. d4 d5 2. Nf3 c6 3. Bf4 Qb6 4. Qc1 Bf5 5. e3 e6 6. Be2 Nd7 7. O-O Ngf6 8. c4
Be7 9. c5 Qd8 10. h3 Bxb1 11. Rxb1 Ne4 12. b4 a6 13. Bd3 f5 14. a4 O-O 15. b5
axb5 16. axb5 g5 17. Bh2 g4 18. hxg4 fxg4 19. Bxe4 dxe4 20. Nd2 Nf6 21. bxc6
bxc6 22. Rb7 Rf7 23. Be5 Qd5 24. Nc4 Nd7 25. Rxd7 Qxd7 26. Nb6 Qe8 27. Nxa8
Qxa8 28. Qc2 h5 29. Qxe4 Rf5 30. Bd6 Kf7 31. Bh2 Qa6 32. Qb1 h4 33. e4 Rf6 34.
Be5 Rg6 35. Qc1 h3 36. Qf4+ Ke8 37. Rb1 hxg2 38. Qd2 Qa3 39. Qe3 Qxe3 40. fxe3
Bf6 41. Rb8+ Kd7 42. Rb7+ Kd8 43. Bd6 Bg5 44. Rb3 Rf6 45. Kxg2 Rf3 46. d5 exd5
47. exd5 Rxe3 48. Rb8+ Kd7 49. Rb7+ Kc8 50. dxc6 1-0

[Event "Thessaloniki Open 2009"]
[Site "Thessaloniki GRE"]
[Date "2009.05.01"]
[Round "7.7"]
[White "Shavtvaladze, Nikoloz"]
[Black "Makka, Ioulia"]
[Result "1-0"]
[WhiteElo "2454"]
[BlackElo "2229"]
[PlyCount "107"]
[EventDate "2009.04.27"]
[EventType "swiss"]
[EventRounds "9"]
[EventCountry "GRE"]
[Source "lmi"]
[SourceDate "2009.04.27"]

1. d4 d5 2. Bg5 c6 3. e3 Qb6 4. Qc1 Bf5 5. Nf3 h6 6. Bh4 Nd7 7. c4 e6 8. Nc3
Ngf6 9. Be2 Be7 10. O-O O-O 11. a3 Rfe8 12. Nd2 c5 13. b4 cxd4 14. c5 Nxc5 15.
bxc5 Qxc5 16. exd4 Qxd4 17. Nf3 Qb6 18. Nb5 Rac8 19. Qd1 Bc2 20. Qd4 Bc5 21.
Qf4 Nd7 22. a4 g5 23. Bxg5 hxg5 24. Qxg5+ Bg6 25. h4 Qd8 26. Qg3 Kh8 27. Rac1
Qf6 28. Nd6 Bxd6 29. Qxd6 Nb6 30. Qb4 Qe7 31. Qf4 f6 32. a5 Nd7 33. Bb5 Kg7 34.
Qg3 Kh7 35. Nd4 Rg8 36. Rc7 Rxc7 37. Qxc7 Rd8 38. Qxb7 Qd6 39. Qxa7 Be4 40. Rc1
Qa3 41. Rc7 Qa1+ 42. Kh2 Rg8 43. Rxd7+ Kh6 44. Nf3 Rxg2+ 45. Kxg2 Bxf3+ 46.
Kxf3 Qd1+ 47. Be2 Qh1+ 48. Kg3 Qg1+ 49. Kf4 Qh2+ 50. Ke3 Qe5+ 51. Kf3 Qe4+ 52.
Kg3 Qe5+ 53. Kg2 Qe4+ 54. Bf3 1-0

[Event "Thessaloniki Open 2009"]
[Site "Thessaloniki GRE"]
[Date "2009.05.01"]
[Round "7.9"]
[White "Jevtic, Miroljub"]
[Black "Velchev, Hristo"]
[Result "0-1"]
[WhiteElo "2173"]
[BlackElo "2284"]
[PlyCount "108"]
[EventDate "2009.04.27"]
[EventType "swiss"]
[EventRounds "9"]
[EventCountry "GRE"]
[Source "lmi"]
[SourceDate "2009.04.27"]

1. d4 d5 2. c4 e6 3. Nf3 c5 4. dxc5 Bxc5 5. cxd5 exd5 6. e3 Nf6 7. Bb5+ Nc6 8.
O-O O-O 9. Qc2 Qd6 10. a3 Bb6 11. Bd2 Bg4 12. Bxc6 bxc6 13. Nd4 c5 14. Nf5 Qe5
15. Ng3 h5 16. f3 Bd7 17. Re1 h4 18. Nf1 Qh5 19. Qd1 d4 20. e4 c4 21. Kh1 Rac8
22. Qc1 h3 23. Qd1 hxg2+ 24. Kxg2 Qh3+ 25. Kh1 Ng4 26. Qe2 d3 27. Qg2 Nf2+ 28.
Kg1 Nd1+ 29. Kh1 Nf2+ 30. Kg1 Nxe4+ 31. Be3 Qxg2+ 32. Kxg2 Nc5 33. Nc3 Be6 34.
Nd2 Ba5 35. Rec1 a6 36. Rab1 Rfd8 37. Kf2 Nb3 38. Nxb3 cxb3 39. Bd2 Bf5 40. Re1
Bxc3 41. bxc3 Be6 42. Re5 Rd5 43. Rxd5 Bxd5 44. Ke3 Be6 45. Rb2 Rd8 46. h4 f6
47. Kf4 Bc4 48. Ke4 Rd5 49. f4 Ra5 50. Kd4 Ra4 51. Rb1 Bf7+ 52. c4 Rxa3 53. Bb4
Ra4 54. Rxb3 Rxb4 0-1

[Event "Thessaloniki Open 2009"]
[Site "Thessaloniki GRE"]
[Date "2009.05.01"]
[Round "7.11"]
[White "Aharon, Ofir"]
[Black "Simanjuntak, Sebastian"]
[Result "0-1"]
[WhiteElo "2134"]
[BlackElo "2260"]
[PlyCount "174"]
[EventDate "2009.04.27"]
[EventType "swiss"]
[EventRounds "9"]
[EventCountry "GRE"]
[Source "lmi"]
[SourceDate "2009.04.27"]

1. e4 c5 2. Nf3 Nc6 3. d4 cxd4 4. Nxd4 Nf6 5. Nc3 e5 6. Ndb5 d6 7. Bg5 a6 8.
Na3 b5 9. Bxf6 gxf6 10. Nd5 f5 11. Bd3 Be6 12. c3 Bg7 13. Nxb5 axb5 14. Bxb5
Bd7 15. exf5 O-O 16. Qg4 Kh8 17. O-O f6 18. Qe4 Rb8 19. a4 Ne7 20. Bxd7 Qxd7
21. Nxe7 Qxe7 22. b4 Rfc8 23. Ra3 Qf7 24. Rd1 Rc4 25. Qd5 Qxd5 26. Rxd5 Rbxb4
27. Rb5 Rxb5 28. axb5 Rc8 29. Kf1 Bf8 30. Ke2 d5 31. Rb3 Bd6 32. b6 Kg7 33. b7
Rd8 34. Kd3 Kf7 35. f3 Ke7 36. c4 d4 37. Rb6 Rb8 38. f4 Bc7 39. Rb3 Kd6 40.
fxe5+ fxe5 41. g4 Rg8 42. h3 h5 43. Ra3 hxg4 44. Ra8 Bb8 45. hxg4 Kc7 46. Ra6
Rxg4 47. c5 Kxb7 48. Rb6+ Kc8 49. Re6 Rf4 50. f6 Kd7 51. Ra6 Bc7 52. Kc4 Bd8
53. Kd5 Bc7 54. c6+ Kc8 55. Ra8+ Bb8 56. c7 Kxc7 57. Kxe5 Rf2 58. Kxd4 Rxf6 59.
Ra2 Kd7 60. Kd5 Rf5+ 61. Ke4 Rg5 62. Ra6 Bd6 63. Ra8 Ke6 64. Re8+ Be7 65. Ra8
Rg4+ 66. Kf3 Rc4 67. Ra5 Bc5 68. Ra8 Kf5 69. Rc8 Rc3+ 70. Ke2 Ke4 71. Re8+ Kf4
72. Rc8 Re3+ 73. Kd2 Bb4+ 74. Kc2 Bd6 75. Rd8 Be5 76. Re8 Ke4 77. Rd8 Rc3+ 78.
Kd2 Rb3 79. Ra8 Rb2+ 80. Kc1 Rh2 81. Kd1 Kd3 82. Ke1 Bd4 83. Kf1 Rf2+ 84. Ke1
Rf7 85. Rd8 Rf5 86. Rd7 Rf8 87. Rd6 Rg8 0-1

[Event "Thessaloniki Open 2009"]
[Site "Thessaloniki GRE"]
[Date "2009.05.01"]
[Round "7.12"]
[White "Fakhiridou, Ekaterini"]
[Black "Pavlidou, Ekaterini"]
[Result "1/2-1/2"]
[WhiteElo "2252"]
[BlackElo "2162"]
[PlyCount "42"]
[EventDate "2009.04.27"]
[EventType "swiss"]
[EventRounds "9"]
[EventCountry "GRE"]
[Source "lmi"]
[SourceDate "2009.04.27"]

1. e4 c5 2. b3 Nc6 3. Bb2 e6 4. Bb5 Nge7 5. Ne2 a6 6. Bxc6 Nxc6 7. O-O b5 8. d3
Bb7 9. Nd2 Qc7 10. f4 f6 11. Ng3 O-O-O 12. a4 Bd6 13. axb5 axb5 14. Qg4 Rdf8
15. Rae1 g6 16. Qh4 Be7 17. f5 Ne5 18. Kh1 h5 19. fxg6 Nxg6 20. Qh3 Nf4 21. Qh4
Ng6 1/2-1/2

[Event "Thessaloniki Open 2009"]
[Site "Thessaloniki GRE"]
[Date "2009.05.01"]
[Round "7.14"]
[White "Skoulakis, Charalambos"]
[Black "Galopoulos, Nikolaos"]
[Result "0-1"]
[WhiteElo "2091"]
[BlackElo "2247"]
[PlyCount "86"]
[EventDate "2009.04.27"]
[EventType "swiss"]
[EventRounds "9"]
[EventCountry "GRE"]
[Source "lmi"]
[SourceDate "2009.04.27"]

1. e4 c5 2. Nf3 d6 3. d4 Nf6 4. dxc5 Nxe4 5. cxd6 Nc6 6. Be2 Nxd6 7. b3 Bf5 8.
Bb2 e6 9. O-O Be7 10. Nd4 Nxd4 11. Qxd4 f6 12. c4 O-O 13. Nc3 Ne4 14. Rad1 Qxd4
15. Rxd4 Nxc3 16. Bxc3 e5 17. Rd5 Be6 18. Bf3 Bxd5 19. Bxd5+ Kh8 20. Bxb7 Rab8
21. Bd5 Bc5 22. Rd1 Rfd8 23. Rd3 Rd6 24. Kf1 a5 25. Bxa5 Ra6 26. Bc7 Re8 27. a4
Bd4 28. a5 Re7 29. Bb6 Bxb6 30. axb6 Rxb6 31. c5 Rb8 32. Be4 g6 33. g4 Kg7 34.
c6 Kf7 35. f3 Ke6 36. Rc3 Rc7 37. f4 f5 38. gxf5+ gxf5 39. Bg2 e4 40. Bh3 Rb5
41. b4 Kd6 42. Rc5 Rxc5 43. bxc5+ Ke6 0-1

[Event "Thessaloniki Open 2009"]
[Site "Thessaloniki GRE"]
[Date "2009.05.02"]
[Round "8.1"]
[White "Sidorenko, Ilya"]
[Black "Bagaturov, Giorgi"]
[Result "0-1"]
[WhiteElo "2357"]
[BlackElo "2467"]
[PlyCount "118"]
[EventDate "2009.04.27"]
[EventType "swiss"]
[EventRounds "9"]
[EventCountry "GRE"]
[Source "lmi"]
[SourceDate "2009.04.27"]

1. e4 c5 2. Nf3 d6 3. d4 cxd4 4. Nxd4 Nf6 5. Nc3 Nc6 6. Bg5 e6 7. Qd2 a6 8.
O-O-O h6 9. Nxc6 bxc6 10. Bf4 d5 11. Qe3 Bb7 12. Be2 Bb4 13. Qg3 Qe7 14. a3
Bxc3 15. Qxc3 Nxe4 16. Qxg7 Qf6 17. Qxf6 Nxf6 18. Rhe1 Ke7 19. Rd3 Ne4 20. Rb3
Bc8 21. Bf3 Ng5 22. c4 Nxf3 23. Rxf3 f6 24. Rh3 h5 25. cxd5 cxd5 26. g4 e5 27.
Rxh5 Bxg4 28. Rxh8 Rxh8 29. Kd2 a5 30. b3 Rb8 31. Kc2 Bf5+ 32. Kb2 Rc8 33. Re2
Bg4 34. Re1 Bf5 35. Re2 Kd6 36. Bg3 d4 37. Bh4 Ke6 38. f3 Rc3 39. f4 Bd3 40.
Rg2 Be4 41. Rf2 Bd5 42. fxe5 Rxb3+ 43. Kc2 fxe5 44. Rf6+ Kd7 45. Bg3 Re3 46.
Ra6 a4 47. Kd2 Bc6 48. Ra5 Ke6 49. Ra6 Rc3 50. Bf2 Kd5 51. Ra5+ Rc5 52. Rxc5+
Kxc5 53. h4 Be8 54. Bg3 e4 55. Bf4 Kc4 56. Bg5 e3+ 57. Kc1 Kd5 58. Bh6 Ke4 59.
Bg5 d3 0-1

[Event "Thessaloniki Open 2009"]
[Site "Thessaloniki GRE"]
[Date "2009.05.02"]
[Round "8.2"]
[White "Georgiev, Vladimir"]
[Black "Esen, Baris"]
[Result "0-1"]
[WhiteElo "2539"]
[BlackElo "2472"]
[PlyCount "64"]
[EventDate "2009.04.27"]
[EventType "swiss"]
[EventRounds "9"]
[EventCountry "GRE"]
[Source "lmi"]
[SourceDate "2009.04.27"]

1. d4 d5 2. c4 c6 3. cxd5 cxd5 4. Nc3 Nf6 5. Bf4 Nc6 6. Rc1 Bf5 7. e3 e6 8. Qb3
Qb6 9. Qxb6 axb6 10. a3 Be7 11. Bb5 O-O 12. Nf3 Rfc8 13. h3 Ne4 14. Ke2 Na7 15.
Bd3 Nxc3+ 16. Rxc3 Rxc3 17. bxc3 Bxd3+ 18. Kxd3 Nc6 19. Rb1 Rxa3 20. Rxb6 Bb4
21. Rxb7 Rxc3+ 22. Ke2 h6 23. g4 Rc4 24. h4 Rc2+ 25. Kf1 Rc4 26. Rc7 Na5 27.
Ra7 Rc8 28. Kg2 Nc6 29. Rb7 Bf8 30. h5 Be7 31. Kg3 Kf8 32. Bc7 Rxc7 0-1

[Event "Thessaloniki Open 2009"]
[Site "Thessaloniki GRE"]
[Date "2009.05.02"]
[Round "8.3"]
[White "Obodchuk, Andrei"]
[Black "Ivanov, Jordan"]
[Result "1/2-1/2"]
[WhiteElo "2393"]
[BlackElo "2435"]
[PlyCount "73"]
[EventDate "2009.04.27"]
[EventType "swiss"]
[EventRounds "9"]
[EventCountry "GRE"]
[Source "lmi"]
[SourceDate "2009.04.27"]

1. e4 c5 2. Nf3 e6 3. d4 cxd4 4. Nxd4 a6 5. Nc3 b5 6. Be2 Bb7 7. Bf3 Qc7 8. O-O
Nc6 9. Re1 Bd6 10. g3 Nxd4 11. Qxd4 Be5 12. Qd3 Rc8 13. Bd2 Nf6 14. a4 b4 15.
Nd1 h5 16. Bxb4 Qxc2 17. Qxc2 Rxc2 18. Bc3 d6 19. Rb1 O-O 20. Ne3 Rxc3 21. bxc3
Bxe4 22. Bxe4 Nxe4 23. Nc4 Nxc3 24. Rb6 Nxa4 25. Rxa6 Nc5 26. Rb6 Bc3 27. Rc1
d5 28. Rxc3 dxc4 29. Rxc4 Nd7 30. Rb5 Nf6 31. Rcb4 Nd5 32. Rb3 g6 33. Rb8 Rxb8
34. Rxb8+ Kg7 35. Kg2 g5 36. h3 f5 37. Kf3 1/2-1/2

[Event "Thessaloniki Open 2009"]
[Site "Thessaloniki GRE"]
[Date "2009.05.02"]
[Round "8.4"]
[White "Velchev, Hristo"]
[Black "Shavtvaladze, Nikoloz"]
[Result "1/2-1/2"]
[WhiteElo "2284"]
[BlackElo "2454"]
[PlyCount "112"]
[EventDate "2009.04.27"]
[EventType "swiss"]
[EventRounds "9"]
[EventCountry "GRE"]
[Source "lmi"]
[SourceDate "2009.04.27"]

1. e4 g6 2. d4 Bg7 3. Nc3 c6 4. Be3 Qb6 5. Rb1 d6 6. Bc4 Nf6 7. f3 O-O 8. Qd2
Qc7 9. a4 Nbd7 10. Ba2 a6 11. Nge2 b5 12. O-O b4 13. Nd1 a5 14. c4 e5 15. Nf2
exd4 16. Nxd4 Nc5 17. b3 Bb7 18. Rfd1 Rad8 19. Rbc1 Rd7 20. Bh6 Qd8 21. Bb1 Nh5
22. Bxg7 Nxg7 23. Ng4 h5 24. Ne3 Nge6 25. Bc2 Qf6 26. Ne2 Rfd8 27. Nd4 Qe5 28.
Nxe6 fxe6 29. Qf2 Rf8 30. Rd2 Qf6 31. Rcd1 e5 32. Qg3 Kh7 33. Qh3 Rfd8 34. g4
Qg5 35. Kf2 h4 36. Ng2 d5 37. exd5 cxd5 38. Qxh4+ Qxh4+ 39. Nxh4 dxc4 40. Rxd7+
Rxd7 41. Rxd7+ Nxd7 42. bxc4 Nc5 43. Bxg6+ Kg8 44. Nf5 b3 45. Nd6 e4 46. Nb5 b2
47. Nc3 exf3 48. Bc2 Kg7 49. Nb1 Bc6 50. Nd2 Nxa4 51. Bxa4 Bxa4 52. Kxf3 Bc2
53. Ke3 a4 54. Kd4 b1=Q 55. Nxb1 Bxb1 56. Kc3 Be4 1/2-1/2

[Event "Thessaloniki Open 2009"]
[Site "Thessaloniki GRE"]
[Date "2009.05.02"]
[Round "8.5"]
[White "Georgiev, Krum"]
[Black "Pavlidis, Antonios"]
[Result "0-1"]
[WhiteElo "2440"]
[BlackElo "2307"]
[PlyCount "58"]
[EventDate "2009.04.27"]
[EventType "swiss"]
[EventRounds "9"]
[EventCountry "GRE"]
[Source "lmi"]
[SourceDate "2009.04.27"]

1. Nf3 Nf6 2. g3 d5 3. Bg2 c6 4. O-O Bg4 5. d3 e6 6. Nbd2 Be7 7. e4 O-O 8. Re1
Bh5 9. Qe2 Nbd7 10. e5 Ne8 11. Nf1 Nc7 12. h4 Bxf3 13. Bxf3 f6 14. exf6 Bxf6
15. Nh2 e5 16. Ng4 Ne6 17. c3 Qe7 18. Bg2 Rae8 19. Qd1 Qf7 20. c4 dxc4 21. dxc4
Bd8 22. Be3 Bb6 23. Qd2 Nd4 24. Rac1 Qf5 25. Qd1 Nc5 26. Rc3 Ba5 27. f4 Rd8 28.
Nxe5 Bxc3 29. bxc3 Nc2 0-1

[Event "Thessaloniki Open 2009"]
[Site "Thessaloniki GRE"]
[Date "2009.05.02"]
[Round "8.6"]
[White "Sanduleac, Vasile"]
[Black "Burtasova, Anna"]
[Result "1/2-1/2"]
[WhiteElo "2438"]
[BlackElo "2299"]
[PlyCount "118"]
[EventDate "2009.04.27"]
[EventType "swiss"]
[EventRounds "9"]
[EventCountry "GRE"]
[Source "lmi"]
[SourceDate "2009.04.27"]

1. e4 e5 2. Nf3 Nc6 3. d4 exd4 4. Nxd4 Nf6 5. Nxc6 bxc6 6. Bd3 d5 7. exd5 cxd5
8. O-O Be7 9. Bb5+ Bd7 10. Bxd7+ Qxd7 11. c4 d4 12. Nd2 O-O 13. Nf3 c5 14. Ne5
Qf5 15. Nd3 Bd6 16. Qf3 Qg6 17. Rd1 Rfe8 18. Bf4 Ne4 19. Re1 Bxf4 20. Nxf4 Qf5
21. g4 Qe5 22. Nd3 Qf6 23. Qxf6 Nxf6 24. Nxc5 Nxg4 25. Nd3 f6 26. Rad1 Ne5 27.
Nxe5 fxe5 28. Re4 Rab8 29. b3 a5 30. Kg2 a4 31. Rd3 Re6 32. f4 axb3 33. axb3
Reb6 34. Rxe5 Rxb3 35. Rxd4 Rc3 36. Re2 Rb4 37. Rd8+ Kf7 38. Rd7+ Kf6 39. Red2
Rbxc4 40. R2d6+ Kf5 41. Rf7+ Kg4 42. Rxg7+ Kxf4 43. Rf6+ Ke5 44. Rf2 Rc7 45.
Rg8 Rc2 46. Re8+ Kd6 47. Rxc2 Rxc2+ 48. Kg3 Rc7 49. Kg4 Re7 50. Rf8 Ke6 51. Kg5
Rg7+ 52. Kh6 Rf7 53. Re8+ Kf5 54. Rg8 Rf6+ 55. Kxh7 Rf7+ 56. Kh6 Rf6+ 57. Kh5
Rf7 58. Rg5+ Kf6 59. Rg6+ Kf5 1/2-1/2

[Event "Thessaloniki Open 2009"]
[Site "Thessaloniki GRE"]
[Date "2009.05.02"]
[Round "8.7"]
[White "Perdek, Miroslaw"]
[Black "Poley, Vladimir"]
[Result "1-0"]
[WhiteElo "2232"]
[BlackElo "2338"]
[PlyCount "65"]
[EventDate "2009.04.27"]
[EventType "swiss"]
[EventRounds "9"]
[EventCountry "GRE"]
[Source "lmi"]
[SourceDate "2009.04.27"]

1. e4 g6 2. d4 Bg7 3. Nc3 c6 4. Nf3 d5 5. h3 Nh6 6. Bd3 f6 7. O-O Nf7 8. Ne2
O-O 9. exd5 cxd5 10. c4 e6 11. Nf4 Nc6 12. Re1 Ng5 13. Be3 Nb4 14. Be2 Nxf3+
15. Bxf3 dxc4 16. Qa4 a5 17. a3 Nd3 18. Nxd3 cxd3 19. Rad1 Ra6 20. Rxd3 Rd6 21.
Red1 b6 22. Bf4 Rd7 23. Bc6 Rdf7 24. Qb5 Ra7 25. Rb3 Ra6 26. d5 f5 27. d6 a4
28. Rb4 Bf6 29. d7 Be7 30. Rxa4 Rxa4 31. Qxa4 Bc5 32. dxc8=Q Qxc8 33. Bd7 1-0

[Event "Thessaloniki Open 2009"]
[Site "Thessaloniki GRE"]
[Date "2009.05.02"]
[Round "8.8"]
[White "Danilov, Vladimir"]
[Black "Simanjuntak, Sebastian"]
[Result "1/2-1/2"]
[WhiteElo "2410"]
[BlackElo "2260"]
[PlyCount "95"]
[EventDate "2009.04.27"]
[EventType "swiss"]
[EventRounds "9"]
[EventCountry "GRE"]
[Source "lmi"]
[SourceDate "2009.04.27"]

1. d4 d5 2. c4 c6 3. Nc3 Nf6 4. cxd5 cxd5 5. Bf4 Nc6 6. e3 Bf5 7. Nf3 a6 8. Rc1
e6 9. Qb3 Na5 10. Qa4+ b5 11. Nxb5 axb5 12. Bxb5+ Nd7 13. Ne5 Nc6 14. Nxc6 Rxa4
15. Nxd8 Rxa2 16. Rc8 Bb4+ 17. Ke2 O-O 18. Bxd7 Bg4+ 19. f3 Rxb2+ 20. Kd1 Bf5
21. e4 dxe4 22. g4 Bg6 23. Bc1 Rg2 24. Nc6 Rxc8 25. Bxc8 Bd6 26. Ne5 Bxe5 27.
dxe5 exf3 28. Bb7 Bc2+ 29. Ke1 Re2+ 30. Kf1 Bd3 31. Bxf3 Rc2+ 32. Ke1 Rxc1+ 33.
Kd2 Rxh1 34. Bxh1 Bc4 35. g5 h6 36. gxh6 gxh6 37. Ke3 Kg7 38. Be4 f6 39. Kf4 f5
40. Bc6 Be2 41. Bd7 Kf7 42. h4 Ke7 43. Ba4 Bh5 44. Bb5 Be8 45. Bc4 Bd7 46. Be2
Kd8 47. Bc4 Kc7 48. Ke3 1/2-1/2

[Event "Thessaloniki Open 2009"]
[Site "Thessaloniki GRE"]
[Date "2009.05.02"]
[Round "8.10"]
[White "Galopoulos, Nikolaos"]
[Black "Nikologorsky, Matfei"]
[Result "1/2-1/2"]
[WhiteElo "2247"]
[BlackElo "2229"]
[PlyCount "141"]
[EventDate "2009.04.27"]
[EventType "swiss"]
[EventRounds "9"]
[EventCountry "GRE"]
[Source "lmi"]
[SourceDate "2009.04.27"]

1. d4 d5 2. c4 c6 3. Nf3 Nf6 4. Nc3 a6 5. c5 Nbd7 6. Bf4 Nh5 7. Bd2 Nhf6 8. Qc2
Qc7 9. e4 dxe4 10. Nxe4 Nxe4 11. Qxe4 Nf6 12. Qc2 g6 13. Bc4 Nd5 14. O-O Bg7
15. Rfe1 O-O 16. Qb3 e6 17. Qa3 b5 18. Ba5 Qb7 19. Bf1 Bd7 20. Qb3 Rae8 21. Ne5
Qc8 22. Qg3 f6 23. Nf3 Re7 24. Bd3 e5 25. dxe5 f5 26. Qh4 Qe8 27. Qd4 g5 28.
Nxg5 Rxe5 29. Qh4 Qg6 30. Nf3 Rxe1+ 31. Rxe1 Bxb2 32. Ne5 Qg7 33. Nxd7 Qxd7 34.
Bc2 Bf6 35. Qg3+ Kh8 36. Qf3 Bd4 37. Bb3 b4 38. Rd1 Bxc5 39. a3 Be7 40. axb4
Qb7 41. Bxd5 cxd5 42. Qxd5 Qxd5 43. Rxd5 Rb8 44. Rd4 Kg7 45. g3 Kf6 46. Rc4 Rb5
47. Rc6+ Kf7 48. Rc4 Ke6 49. Kg2 Kd5 50. Rf4 Ke6 51. Kf3 Rb8 52. Rc4 Kd5 53.
Rc7 Bxb4 54. Bxb4 Rxb4 55. Rxh7 Ke5 56. Ra7 Rb3+ 57. Kg2 Ra3 58. h4 Kf6 59. Rb7
a5 60. Rb6+ Kg7 61. h5 a4 62. h6+ Kh7 63. Rf6 Ra2 64. Kf3 a3 65. Ra6 Rb2 66.
Kf4 Rxf2+ 67. Kg5 Rf3 68. g4 fxg4 69. Ra7+ Kh8 70. Kg6 Rf8 71. Rh7+ 1/2-1/2

[Event "Thessaloniki Open 2009"]
[Site "Thessaloniki GRE"]
[Date "2009.05.02"]
[Round "8.11"]
[White "Vragoteris, Antonios"]
[Black "Galopoulos, Panagiotis"]
[Result "1-0"]
[WhiteElo "2264"]
[BlackElo "2151"]
[PlyCount "77"]
[EventDate "2009.04.27"]
[EventType "swiss"]
[EventRounds "9"]
[EventCountry "GRE"]
[Source "lmi"]
[SourceDate "2009.04.27"]

1. Nf3 Nf6 2. c4 e6 3. g3 b6 4. Bg2 Bb7 5. O-O c5 6. Nc3 Be7 7. d4 cxd4 8. Qxd4
O-O 9. b3 Nc6 10. Qf4 Qb8 11. Rd1 a6 12. Qxb8 Raxb8 13. Bf4 Rbc8 14. Na4 Bd8
15. Bd6 Re8 16. Ne5 Ba8 17. Nd3 Nd4 18. Bxa8 Rxa8 19. Nf4 Nf5 20. Be5 b5 21.
Nc5 bxc4 22. Nxd7 Nxd7 23. Rxd7 cxb3 24. axb3 Bb6 25. e4 Ne7 26. Nh5 f6 27.
Bxf6 gxf6 28. Nxf6+ Kf7 29. Nxe8 Rxe8 30. Rxa6 Bc5 31. Rc6 Bb4 32. Rb6 Bc3 33.
Rbb7 Kf6 34. f4 e5 35. Kg2 Ke6 36. Kf3 h6 37. f5+ Kf7 38. g4 Bd2 39. Rxd2 1-0